Gendered Jobs Quiz Stats

 Plays Quiz not verified by Sporcle

Also try: The Great Quiz
Challenge
Share
Tweet
Embed
Score 0/20 Timer 06:00
0 Plays Today
Primary Gender Job/Industry % Correct
MaleConstruction
62%
FemaleDomestic Work
29.1%
MaleTransportation
24.1%
FemaleChildcare
24.1%
FemaleSalon
24.1%
MaleFishing
19%
MaleUtilities
19%
NeutralAdvertising
16.5%
NeutralData Processing
15.2%
FemaleSocial Work
11.4%
Primary Gender Job/Industry % Correct
MaleLogging
8.9%
FemaleVeterinarian
6.3%
MaleMining
5.1%
NeutralHospitality
5.1%
FemaleLibrary
3.8%
MaleRepair
2.5%
NeutralGrocery Stores
2.5%
NeutralReal Estate
2.5%
MaleCourier
1.3%
FemaleGift Shop
1.3%

You're not logged in!

Compare scores with friends on all Sporcle quizzes.
Join for Free
OR
Log In

You Might Also Like...

Show Comments

Extras

Top Quizzes Today


Score Distribution

Your Account Isn't Verified!

In order to create a playlist on Sporcle, you need to verify the email address you used during registration. Go to your Sporcle Settings to finish the process.

Report this User

Report this user for behavior that violates our Community Guidelines.

Details: